000 00574nam a2200205Ia 4500
005 20250923144636.0
008 008 250917s9999 xx 000 0 eng d
037 _aTextual
040 _aDSWL
_beng
_cDSWL
041 _aeng
_2eng
084 _aYoaYX, N56
_qDSWL
100 _aHillman, Arthur
_9826910
245 0 _aSociology and social work
_cby Arthur Hillman
260 _aWashington
_bPublic Affairs Press
_c1956
300 _a72p.
365 _aUSD
_b3.75
925 _g3.75
942 _cTEXL
_hYoaYX, N56
999 _c1441527
_d1441527